Im Kreis der Schüler von Perets: die frühen Novellen von Avrom Reyzen [1876-1953]

Titel: Im Kreis der Schüler von Perets: die frühen Novellen von Avrom Reyzen [1876-1953]
Verfasser:
In: Uniwersytet Jagielloński w Krakowie. Instytut Judaistyki: Scripta judaica cracoviensia, Band 5 (2007), Seite 77-85
alle Artikel anzeigen
Veröffentlicht: 2007
Format: Aufsatz
Sprache: Deutsch
Kein Bild verfügbar
X
alg: 39417507
001A    $01999:12-11-16 
001B    $01999:29-05-21 $t17:46:02.000 
001D    $01999:12-11-16 
001U    $0utf8 
001X    $00 
002@    $0Aox 
003@    $0394175077 
007A    $0394175077 $aHEB 
007T    $0Herdkk00003806 
010@    $ager 
011@    $a2007 
021A    $aIm Kreis der Schüler von Perets: die frühen Novellen von Avrom Reyzen [1876-1953] 
028A    $aSitarz $dMagdalena 
031A    $d5 $h77-85 $j2007 
039B    $aIn $8--Abvc--Uniwersytet Jagielloński w Krakowie$bInstytut Judaistyki [Tb1]. Scripta judaica cracoviensia. - Kraków : Wydawn Uniw. Jagiellónskiego, 2002-. - ISSN 1733-5760 $x200700000050000923 $9119947331 
045F    $a800 $eDDC23BSB 
045F/01 $a800 
045F/03 $g438 
045T    $aJUDAICA $qDE-30 $2FID 
045T    $a7,7 

lok: 39417507 78

exp: 39417507 78 1 #EPN
201B/01 $018-11-16 $t10:50:06.000 
201U/01 $0utf8 
203@/01 $0790285584 
208@/01 $a12-11-16 $be 
209A/01 $a/ $f000 $x00 
220C/01 $aTitelaufnehmer: pbb 
220C/01 $aHerkunft: PBB/IH PAN 
244Z/01 $2Trx $#Poola $#Lenkija $#Polija $#Polen Land $#Poland $#Lengyelország $#Poľsko $#Polsko $8--Trx--Polska$gkraj $x01 $9391345966 
244Z/01 $aGeschichte 1876-1953 $x02 
244Z/01 $2Trx $#Reisen, Abraham $#Rajzen, Abraham $#Rajzen, Avraham $8--Trx--Reyzen, Avrom$Z1876-1953 $x03 $9390730912 
244Z/01 $2Trx $#kirjanikud $#rašytojai $#writers $#írók $#pisarze $#spisovatelia $#spisovatelé $8--Trx--Schriftsteller $x04 $9391382659 
244Z/01 $2Trx $8--Trx--Zeitschriftenaufsatz $x05 $9391384341 
245Z/01 $a11.08 $x01 
247C/01 $82080>Marburg/Lahn, Herder-Institut, Forschungsbibliothek, Bibliographieportal $9336309341
LEADER 00000caa a22000002c 4500
001 394175077
003 DE-603
005 20210529174602.0
007 tu
008 161112s2007 xx |||| | u00||u|ger c
035 |a (DE-599)HEB394175077 
040 |a DE-603  |b ger  |c DE-603  |d DE-603 
041 |a ger 
082 0 4 |8 1\u  |a 800  |q DE-101  |2 23/BSB 
084 |a JUDAICA  |q DE-30  |2 fid 
084 |a 7,7  |2 ssgn 
085 |8 1\u  |b 800 
085 |8 1\u  |z 2  |s 438 
100 1 |a Sitarz, Magdalena 
245 0 0 |a Im Kreis der Schüler von Perets: die frühen Novellen von Avrom Reyzen [1876-1953] 
264 0 |c 2007 
773 0 8 |i In  |a Uniwersytet Jagielloński w Krakowie. Instytut Judaistyki  |t Scripta judaica cracoviensia  |d Kraków : Wydawn Uniw. Jagiellónskiego, 2002-  |x 1733-5760  |g Band 5 (2007), Seite 77-85  |w (DE-603)119947331  |w (DE-600)2141449-X 
924 0 |9 2080  |a (DE-603)790285584  |b DE-2080  |c HES  |d d  |g /